000 00683nam a22002057a 4500
999 _c18386
_d18386
003 AR-CdUCM
008 190513b ||||| |||| 00| 0 spa d
040 _aMUNICIPALIDAD PROVINCIAL DEL CUSCO
_cBIBLIOTECA MUNICIPAL DEL CUSCO
082 _a985.072 /
_bM41
100 _aMelgar, Jorge
_938941
245 _aA Belaunde lo que es de Belaunde/
260 _aLima :
_c1973.
300 _a278 páginas ;
_c21 cm.
505 _aContenido: Los dos bandos -- Lealtad al ausente -- Un movimiento juvenil frente a la oligarquía -- Los nuevos partidos...
650 _aPerú
_935
650 _aSiglo XX
_98
650 _aHistoria
_9136
942 _2ddc
_cLIBROS
945 _adavv
_d2019-05-13